Prieluka v meste Nitra

Guardado en:
Detalles Bibliográficos
Autor principal: Baluchová, Lucia (Autor)
Otros Autores: Borecká, Eva (Orientador)
Formato: Manuscrito Libro
Lenguaje:eslovaco
Publicado: 2019
Materias:
Acceso en línea:http://is.stuba.sk/zp/portal_zp.pl?podrobnosti=152438
https://opac.crzp.sk/?fn=detailBiblioForm&sid=CB745B58B0F7E53C005BC46F3E25
Etiquetas: Agregar Etiqueta
Sin Etiquetas, Sea el primero en etiquetar este registro!

MARC

LEADER 00000ntm a22000003a 4500
001 stuzp72581
003 SK-STU
005 20230531140701.6
007 ta
008 150427s2015----xo-----f-mn---000-0-slo-d
040 |a STU  |b slo 
041 0 |a slo 
100 1 |a Baluchová, Lucia  |u 010310  |4 aut  |U SvF Stavebná fakulta  |T SvF Katedra architektúry  |X 75452  |U V181|V310  |Y 19  |7 75452 
242 0 1 |a The free space between buildings in the town Nitra  |y eng 
245 1 0 |a Prieluka v meste Nitra 
260 |c 2019 
650 4 |a Mesto  |2 slo 
650 4 |a Nitra  |2 slo 
650 4 |a Galéria  |2 slo 
650 4 |a City  |2 eng 
650 4 |a Nitra  |2 eng 
650 4 |a Gallery  |2 eng 
700 1 |a Borecká, Eva  |u 010310  |k Z1  |4 ths  |U SvF Stavebná fakulta  |T SvF Katedra architektúry  |X 53660  |U V181|V310  |Y 19  |7 A000053660 
856 4 |u http://is.stuba.sk/zp/portal_zp.pl?podrobnosti=152438 
856 4 |u https://opac.crzp.sk/?fn=detailBiblioForm&sid=CB745B58B0F7E53C005BC46F3E25